Zur Renaissance der Rechtswissenschaft in Mittelalter

Salvato in:
Dettagli Bibliografici
Autore principale: Weimar, Peter (Autore)
Natura: Libro
Lingua:tedesco
Pubblicazione: Berlín Keip 1997
Serie:Bibliotheca Eruditorum, 8
Soggetti:
Tags: Aggiungi Tag
Nessun Tag, puoi essere il primo ad aggiungerne!!

MARC

LEADER 00000nam a2200000 a 4500
001 UCK2381
003 CL-VaPUC
008 050106e19970000gw |||||||||||||||||ger|d
020 |a 3805102070 
082 0 4 |a 340.55  |b WEI  |2 21 
100 0 |a Weimar, Peter  |e author  |9 490237 
245 1 0 |a Zur Renaissance der Rechtswissenschaft in Mittelalter 
300 |a 403 p 
942 |c BK 
945 |d 20050106 00:00:00  |a cmena 
260 |a Berlín  |b Keip  |c 1997 
650 0 |a Derecho medieval  |9 314261 
650 0 |a Historia del derecho  |9 255109 
650 0 |a Fuentes del derecho   |9 255162 
650 0 |a Derecho romano  |9 255930 
650 0 |a Derecho civil  |9 255013 
583 |a last modification  |c 20171116 05:11:14  |k Rodrigo Vera 
490 0 |a Bibliotheca Eruditorum, 8 
999 |c 311938  |d 311936 
952 |0 0  |1 0  |4 0  |6 340_550000000000000_WEI_1997  |7 0  |8 DER_HIS  |9 381675  |a BIBDER  |b BIBDER  |d 2019-11-21  |i 4091159  |o 340.55 WEI 1997  |p 4091159  |r 2023-01-25  |w 2019-11-21  |x Ubicación 4to Piso  |y BK  |z Estos recursos deben solicitarse con anticipación  |k DER